| 000 | 00000nam 2200000za 4500 |
| 001 | 9.841984 |
| 003 | CaOODSP |
| 005 | 20240207095648 |
| 007 | cr ||||||||||| |
| 008 | 170828s2016 qucab ob f000 0 eng d |
| 020 | |z978-1-100-23069-6 |
| 040 | |aCaOODSP|beng |
| 043 | |an-cn-ns |
| 086 | 1 |aCW66-565/2016E-PDF|zCW66-362/2015E-PDF |
| 245 | 10|aJohn Lusby Marsh National Wildlife Area management plan |h[electronic resource]. |
| 260 | |aGatineau, QC : |bEnvironment and Climate Change Canada, |cc2016. |
| 300 | |av, 39 p. : |bill. (some col.), maps (some col.) |
| 500 | |aIssued also in French under title: Plan de gestion de la réserve nationale de faune du Marais-John-Lusby. |
| 500 | |aCover title. |
| 500 | |aManagement plan developed by Colin M. MacKinnon; developed or reviewed by Kevin Davidson, Al Hanson and Andrew Kennedy. Cf. Acknowledgements, verso of cover. |
| 500 | |aIncorrect catalogue number (CW66-362/2015E-PDF) and ISBN (978-1-100-23069-6) printed in this publication. |
| 504 | |aIncludes bibliographical references. |
| 692 | 07|2gccst|aConservation areas |
| 692 | 07|2gccst|aEnvironmental management |
| 700 | 1 |aMacKinnon, Colin Mark,|d1959- |
| 710 | 2 |aCanadian Wildlife Service. |bAtlantic Region. |
| 710 | 1 |aCanada. |bEnvironment and Climate Change Canada. |
| 775 | 08|tPlan de gestion de la Réserve nationale de faune du marais-John-Lusby |w(CaOODSP)9.842527 |
| 856 | 40|qPDF|s3.25 MB|uhttps://publications.gc.ca/collections/collection_2017/eccc/CW66-565-2016-eng.pdf |